Les anciens drapeaux de pays. - Statistiques

Statistiques générales
  • Ce quiz a été pris 393 fois
  • Le résultat moyen est 8 sur 16
Statistiques - réponses
Par images Réponse % Correct
Portugal
97%
Afghanistan
87%
Allemagne
82%
Libye
65%
Autriche
64%
Afrique du Sud
58%
Syrie
56%
Canada
53%
Russie
50%
Pays-Bas
39%
Macédoine du Nord
30%
Biélorussie
28%
Lituanie
27%
Sri Lanka
13%
Sénégal
9%
Bosnie-Herzégovine
4%
Aucun quiz correspondant
Distribution des résultats
% des personnes avec chaque résultat
Percentile par nombre de réponses
Votre historique - résultats
Vous n’avez pas pris ce quiz